Statistics for Category Elimination - African Geography

Click here to take the quiz!

General Stats

  • This quiz has been taken 16,586 times
  • The average score is 15 of 20

Answer Stats

Group # Category % Correct
Green54Countries of Africa
100%
Green24... with a maximum elevation above 2500m
99%
Green9... which is landlocked
96%
Yellow57Capital Cities of Africa
91%
Green5... doesn't border either Congo
90%
Blue54Countries of Africa (by Flag)
88%
Yellow22... in the Southern hemisphere
87%
Blue12... which don't have green on them
86%
Pink111Countries or Capitals of Africa
85%
Pink44... containing the letter E in their name
84%
Yellow9... with a population* over 1 million
79%
Blue8... that have white on them
79%
Pink29... with a population* below 5 million
78%
Yellow4... ending in the letter A
71%
Pink7... with more than one word in its name
68%
Green1... and doesn't end in a vowelChad
62%
Blue4... with at least one star on them
59%
Yellow1... and is on the coastLuanda
42%
Blue1... without red on itSomalia
33%
Pink1... and is landlocked
Central
African
Republic
32%

Score Distribution

Percentile by Number Answered

Percent of People with Each Score

Your Score History

You have not taken this quiz